[Event "ch-Euro Blitz"]
[Site "Ajaccio FRA"]
[Date "2007.10.26"]
[Round "24"]
[White "Landa, K."]
[Black "Prie, E."]
[Result "0-1"]
[WhiteElo "2678"]
[BlackElo "2532"]
[PlyCount "130"]
[EventDate "2007.10.25"]
[Source "www.chesslib.no"]
[SourceDate "2004.05.04"]

1. e4 d5 2. exd5 Qxd5 3. Nc3 Qa5 4. d4 Nf6 5. Nf3 c6 6. Bc4 Bf5 7. Bd2 e6 8. Nd5 Qd8 9. Nxf6+ gxf6 10. Bb3 Nd7 11. Nh4 Bg6 12. Qf3 f5 13. g3 Nf6 14. Nxg6 hxg6 15. O-O-O Bh6 16. Bf4 Qd6 17. Bxh6 Rxh6 18. Kb1 O-O-O 19. h4 Ne4 20. c3 Rdh8 21. Bc2 Qd5 22. Bxe4 Qxe4+ 23. Qxe4 fxe4 24. Rhe1 f5 25. Re3 g5 26. hxg5 Rg6 27. f4 exf3 28. Rxf3 Rxg5 29. a4 Rh2 30. Re1 Kd7 31. a5 Rg2 32. Ree3 Rh5 33. c4 Rh1+ 34. Ka2 Rd1 35. Rb3 b6 36. axb6 axb6 37. Rxb6 Rxd4 38. Kb3 Rg4 39. Rb7+ Kd6 40. Rd3+ Kc5 41. Ka4 R2xg3 42. b4+ Kxc4 43. Rd6 e5 44. Rc7 Kc3 45. Rdxc6+ Kd2 46. Rc2+ Ke3 47. R2c5 Ke4 48. Re7 Kd4 49. Rexe5 f4 50. Rcd5+ Kc4 51. Rd7 Kc3 52. Rc5+ Kb2 53. Rd2+ Kb1 54. Rf5 f3 55. Rf2 Rh3 56. R5xf3 Rhh4 57. Rb3+ Kc1 58. Ka5 Rg8 59. b5 Ra8+ 60. Kb6 Rb8+ 61. Kc7 Rg8 62. b6 Rh7+ 63. Kd6 Rg6+ 64. Kc5 Rg5+ 65. Kd4 Rh4+ 0-1

[Event "TCh-ROU Superliga"]
[Site "Predeal ROU"]
[Date "2007.10.21"]
[Round "9"]
[White "Baklan, V."]
[Black "Solak, D."]
[Result "1/2-1/2"]
[WhiteElo "2639"]
[BlackElo "2568"]
[PlyCount "20"]
[EventDate "2007.10.13"]
[Source "www.chesslib.no"]
[SourceDate "2004.05.04"]

1. e4 d5 2. exd5 Qxd5 3. Nc3 Qa5 4. Nf3 Nf6 5. g3 c6 6. Bg2 Bg4 7. h3 Bxf3 8. Bxf3 e6 9. O-O Nbd7 10. d3 Be7 1/2-1/2

[Event "60th ch-RUS Higher League"]
[Site "Krasnoyarsk RUS"]
[Date "2007.09.03"]
[Round "1"]
[White "Timofeev, Arty"]
[Black "Ovetchkin, R."]
[Result "1-0"]
[WhiteElo "2650"]
[BlackElo "2557"]
[PlyCount "63"]
[EventDate "2007.09.03"]
[Source "www.chesslib.no"]
[SourceDate "2004.05.04"]

1. e4 d5 2. exd5 Qxd5 3. Nf3 Bg4 4. Be2 Nc6 5. d4 O-O-O 6. c4 Qf5 7. Be3 Bxf3 8. Bxf3 Nxd4 9. Bg4 Nc2+ 10. Qxc2 Qxg4 11. O-O a6 12. b4 e6 13. b5 axb5 14. cxb5 Bd6 15. Nd2 Qh5 16. h3 Qxb5 17. Rab1 Qc6 18. Qb3 Ne7 19. Rfc1 Qa6 20. Rc4 b5 21. Rg4 Rhg8 22. a4 b4 23. Rc4 Nc6 24. Rcc1 Na5 25. Qc2 f5 26. Rxb4 Kd7 27. Rb5 g6 28. Nf3 Nc6 29. Rb6 cxb6 30. Qxc6+ Ke7 31. Bg5+ Kf7 32. Rd1 1-0

[Event "Villa Martelli"]
[Site "Villa Martelli"]
[Date "1997.06.09"]
[Round "9"]
[White "Tkachiev, Vladislav"]
[Black "Ricardi, Pablo"]
[Result "1/2-1/2"]
[WhiteElo "2630"]
[BlackElo "2575"]
[PlyCount "128"]
[EventDate "1997.06.01"]
[Source "ChessBase"]
[SourceDate "1997.10.13"]

1. e4 d5 2. exd5 Qxd5 3. Nc3 Qa5 4. d4 Nf6 5. Bd2 c6 6. Bc4 Bf5 7. Nf3 e6 8. Ne4 Qc7 9. Nxf6+ gxf6 10. Qe2 Nd7 11. O-O-O O-O-O 12. Nh4 Bg6 13. Bb3 c5 14. d5 Nb6 15. Nxg6 hxg6 16. Ba5 exd5 17. Bxd5 f5 18. Qf3 Bg7 19. c3 Rd7 20. Bxb6 Qxb6 21. Bc4 Rhd8 22. Rxd7 Rxd7 23. Rd1 Rxd1+ 24. Qxd1 Qc7 25. g3 Qe7 26. Qd5 Bh6+ 27. Kc2 Kc7 28. Qxf7 Qxf7 29. Bxf7 g5 30. Be6 f4 31. gxf4 gxf4 32. Kd3 Kd6 33. Bc8 b5 34. Ke4 c4 35. h4 f3 36. Ba6 Kc5 37. Kxf3 Bc1 38. b3 Bd2 39. bxc4 bxc4 40. h5 Bxc3 41. Ke4 Bg7 42. f4 c3 43. Bd3 Kd6 44. a4 Ke6 45. a5 Bh6 46. Bc4+ Kf6 47. Bb3 Bf8 48. a6 Bh6 49. Bc2 Ke6 50. f5+ Kd6 51. Bb3 Bg7 52. Bd1 Bh6 53. Bc2 Bg7 54. Bb3 Ke7 55. Kd5 Kf6 56. Bc2 Bh6 57. Kd4 Bg7 58. Kd5 Bh6 59. Bb1 Bg7 60. Kd6 Bh6 61. Kc5 Bg7 62. Kd5 Bh6 63. Kc4 Kg5 64. Kxc3 Bg7+ 1/2-1/2

[Event "Bundesliga 9596"]
[Site "Germany"]
[Date "1996.??.??"]
[Round "?"]
[White "Khalifman, Alexander"]
[Black "Wahls, Matthias"]
[Result "1/2-1/2"]
[WhiteElo "2650"]
[BlackElo "2555"]
[PlyCount "36"]
[EventDate "1995.10.??"]
[Source "ChessBase"]
[SourceDate "1999.07.01"]

1. e4 d5 2. exd5 Qxd5 3. Nc3 Qa5 4. d4 c6 5. Bc4 Bf5 6. Bd2 Nf6 7. Nd5 Qd8 8. Nxf6+ gxf6 9. c3 e6 10. Nf3 Nd7 11. Bf4 Nb6 12. Be2 Nd5 13. Bg3 Qb6 14. c4 Qb4+ 15. Nd2 Nb6 16. Qc1 Bh6 17. a3 Qe7 18. Qc3 O-O 1/2-1/2

[Event "Bundesliga 9697"]
[Site "Germany"]
[Date "1997.??.??"]
[Round "?.1"]
[White "Rogers, Ian"]
[Black "Wahls, Matthias"]
[Result "1/2-1/2"]
[WhiteElo "2600"]
[BlackElo "2605"]
[PlyCount "63"]
[EventDate "1996.10.??"]
[Source "ChessBase"]
[SourceDate "1999.07.01"]

1. e4 d5 2. exd5 Qxd5 3. Nc3 Qa5 4. d4 c6 5. Nf3 Nf6 6. Bc4 Bf5 7. Bd2 e6 8. Qe2 Bb4 9. O-O-O Nbd7 10. Ne5 Nxe5 11. dxe5 Nd5 12. Ne4 Bxe4 13. Qxe4 Bxd2+ 14. Rxd2 O-O-O 15. Rhd1 Nb6 16. Bb3 Nd7 17. f4 Nc5 18. Qe3 Nxb3+ 19. Qxb3 Rxd2 20. Rxd2 Rd8 21. Rxd8+ Kxd8 22. c3 Qa6 23. a3 Kc8 24. c4 c5 25. Qd3 g6 26. Kb1 Qc6 27. g3 h5 28. Ka2 Kc7 29. h3 Kc8 30. g4 hxg4 31. hxg4 Kc7 32. Kb3 1/2-1/2

[Event "Bundesliga 9900"]
[Site "Germany"]
[Date "1999.12.12"]
[Round "6"]
[White "Timman, Jan H"]
[Black "Conquest, Stuart"]
[Result "1/2-1/2"]
[WhiteElo "2650"]
[BlackElo "2555"]
[PlyCount "86"]
[EventDate "1999.10.??"]
[Source "ChessBase"]
[SourceDate "2000.01.11"]

1. e4 d5 2. exd5 Qxd5 3. Nc3 Qa5 4. d4 Nf6 5. Nf3 c6 6. Bc4 Bf5 7. Bd2 e6 8. Nd5 Qd8 9. Nxf6+ Qxf6 10. c3 Nd7 11. O-O Bd6 12. Bg5 Qg6 13. Qd2 h6 14. Bf4 Be7 15. Rfe1 O-O 16. Bf1 Rad8 17. Bc7 Rc8 18. Bg3 Qh7 19. h3 Nf6 20. Be5 c5 21. g4 Bg6 22. Bg2 Rfd8 23. Nh4 cxd4 24. Nxg6 Qxg6 25. Bxd4 Bc5 26. Bxb7 Bxd4 27. cxd4 Rc2 28. Qa5 Rxd4 29. Qxa7 Rdd2 30. Bg2 Rxb2 31. a4 h5 32. Rf1 hxg4 33. Qa8+ Kh7 34. Ra3 Rxf2 35. Rxf2 Rxf2 36. hxg4 Qb1+ 37. Kxf2 Qb2+ 38. Kg3 Qxa3+ 39. Qf3 Qxa4 40. g5 Nd5 41. Qxf7 Qb3+ 42. Bf3 Qb8+ 43. Kh3 Qe5 1/2-1/2

[Event "Kortschnoj 70"]
[Site "St Petersburg"]
[Date "2001.03.22"]
[Round "9"]
[White "Rublevsky, Sergei"]
[Black "Popov, Valerij"]
[Result "1-0"]
[WhiteElo "2657"]
[BlackElo "2545"]
[PlyCount "39"]
[EventDate "2001.03.20"]
[Source "ChessBase"]
[SourceDate "2001.05.17"]

1. e4 d5 2. exd5 Qxd5 3. Nc3 Qa5 4. Nf3 Nf6 5. d4 c6 6. Bc4 Bf5 7. Bd2 e6 8. Nd5 Qd8 9. Nxf6+ Qxf6 10. Qe2 Nd7 11. O-O-O Nb6 12. Bd3 Bxd3 13. Qxd3 Qg6 14. Qb3 Qxg2 15. Rhg1 Qh3 16. Rg3 Qf5 17. Ne5 Be7 18. Rf3 Qe4 19. Rxf7 Qd5 20. c4 1-0

[Event "Breizh Masters 2nd"]
[Site "Guingamp"]
[Date "2004.02.12"]
[Round "1"]
[White "Baklan, Vladimir"]
[Black "Istratescu, Andrei"]
[Result "1-0"]
[WhiteElo "2606"]
[BlackElo "2590"]
[PlyCount "39"]
[EventDate "2004.02.12"]
[Source "ChessBase"]
[SourceDate "2004.06.01"]

1. e4 d5 2. exd5 Qxd5 3. Nc3 Qa5 4. d4 c6 5. Nf3 Nf6 6. Bc4 Bf5 7. Bd2 e6 8. Nd5 Qd8 9. Nxf6+ Qxf6 10. Qe2 Nd7 11. O-O-O Bd6 12. Bg5 Qg6 13. d5 Bc7 14. dxc6 Ne5 15. cxb7 Rb8 16. Bb5+ Kf8 17. Qe3 Nxf3 18. Qc5+ Kg8 19. Qxc7 Qxg5+ 20. Kb1 1-0

[Event "Villarrobledo"]
[Site "?"]
[Date "2006.08.05"]
[Round "3"]
[White "Malakhov Vladimir"]
[Black "Paunovic Dragan"]
[Result "1-0"]
[WhiteElo "2690"]
[BlackElo "2506"]
[PlyCount "105"]
[EventDate "2006.??.??"]
[Source "www.chesslib.no"]
[SourceDate "2004.05.04"]

1. e4 d5 2. exd5 Qxd5 3. Nf3 Bg4 4. Be2 Nc6 5. h3 Bxf3 6. Bxf3 Qe6+ 7. Qe2 Qxe2+ 8. Bxe2 Nd4 9. Bd1 O-O-O 10. d3 e5 11. Nd2 Nf6 12. O-O Bc5 13. Nf3 Rhe8 14. Bg5 h6 15. Bxf6 gxf6 16. Nxd4 Bxd4 17. c3 Bb6 18. Bg4+ Kb8 19. Bf5 a5 20. h4 Rg8 21. Kh2 c6 22. g3 Bc5 23. Kg2 Kc7 24. Rad1 Kb6 25. Rfe1 Kc7 26. Re4 Kb6 27. Kf3 Kc7 28. Rd2 Kb6 29. Rg4 Kc7 30. Ke4 b5 31. Rxg8 Rxg8 32. Bh3 b4 33. Kf5 Be7 34. Bg2 bxc3 35. bxc3 Rb8 36. Bf3 a4 37. Bd1 a3 38. Bb3 Bc5 39. Kxf6 Kd6 40. Kxf7 Kc7 41. Kg6 Rf8 42. d4 Rd8 43. Kxh6 exd4 44. cxd4 Bxd4 45. Kh5 c5 46. f4 Re8 47. f5 Re3 48. g4 Rf3 49. Kg6 Rh3 50. h5 Rg3 51. Bd1 Rg1 52. f6 Kd6 53. h6 1-0

[Event "Open Aeroflot"]
[Site "Mosca RUS"]
[Date "2007.02.14"]
[Round "1"]
[White "Savchenko, B."]
[Black "Asrian, K."]
[Result "1/2-1/2"]
[WhiteElo "2562"]
[BlackElo "2634"]
[PlyCount "96"]
[EventDate "2007.02.14"]
[Source "www.chesslib.no"]
[SourceDate "2004.05.04"]

1. e4 c6 2. c4 d5 3. exd5 Nf6 4. dxc6 Nxc6 5. Nc3 e5 6. d3 Bf5 7. Nf3 e4 8. dxe4 Nxe4 9. Be2 Bb4 10. Bd2 Nxd2 11. Nxd2 Nd4 12. Rc1 O-O 13. Nf1 Qg5 14. Ne3 Rad8 15. h4 Qf4 16. O-O Bxc3 17. Rxc3 Nb5 18. cxb5 Rxd1 19. Rxd1 Be6 20. Ra3 Qb8 21. Ra4 g6 22. Bc4 Bxc4 23. Rxc4 Qe5 24. a4 Qxb2 25. g3 Re8 26. Rcd4 Re7 27. R1d2 Qb1+ 28. Kg2 h5 29. Rc4 Kg7 30. Rcd4 Rc7 31. Rd1 Rc1 32. Rxc1 Qxc1 33. Rf4 Qc5 34. Kh2 Kg8 35. Rc4 Qd6 36. Rf4 Qe6 37. Kg2 Kg7 38. Rc4 Qd7 39. Kg1 Qd6 40. Kg2 Qe6 41. Kg1 a6 42. bxa6 Qxa6 43. Rb4 Qc6 44. Rc4 Qd6 45. Kg2 Qa3 46. Kg1 Qb3 47. Kg2 Kf8 48. Kg1 Kg7 1/2-1/2

[Event "Biel"]
[Site "Biel"]
[Date "1995.??.??"]
[Round "4"]
[White "Tkachiev, Vladislav"]
[Black "Hodgson, Julian M"]
[Result "1-0"]
[WhiteElo "2605"]
[BlackElo "2590"]
[PlyCount "49"]
[EventDate "1995.07.??"]
[Source "ChessBase"]

1. e4 d5 2. exd5 Qxd5 3. Nc3 Qa5 4. d4 c6 5. Bc4 Nf6 6. Bd2 Qc7 7. h3 Nbd7 8. Nf3 e6 9. O-O Bd6 10. Qe2 O-O 11. Ne4 Nxe4 12. Qxe4 c5 13. Qh4 Re8 14. Rae1 Nf8 15. d5 Bd7 16. Ng5 e5 17. f4 exf4 18. Rxe8 Rxe8 19. Bxf4 Bxf4 20. d6 Qxd6 21. Bxf7+ Kh8 22. Bxe8 Bxg5 23. Qxg5 Ne6 24. Qh5 Nf4 25. Qf3 1-0

[Event "Hastings"]
[Site "?"]
[Date "1996.??.??"]
[Round "?"]
[White "Nunn, J."]
[Black "Conquest, S."]
[Result "1-0"]
[WhiteElo "2605"]
[BlackElo "2585"]
[PlyCount "63"]
[EventDate "1996.??.??"]
[Source "ChessBase"]
[SourceDate "1996.10.01"]

1. e4 d5 2. exd5 Qxd5 3. Nc3 Qa5 4. d4 Nf6 5. Nf3 c6 6. Bc4 Bf5 7. Bd2 e6 8. Ne4 Qc7 9. Nxf6+ gxf6 10. Qe2 Nd7 11. O-O-O O-O-O 12. Nh4 Bg6 13. Bb3 Bd6 14. g3 Rhe8 15. Rhe1 f5 16. Ng2 Kb8 17. Bf4 f6 18. Bxe6 Nf8 19. Qc4 Bh5 20. Rd3 Nxe6 21. Rxe6 Rxe6 22. Qxe6 Bxf4+ 23. Nxf4 Re8 24. Qxf5 Re1+ 25. Kd2 Rd1+ 26. Kc3 Bg4 27. Qc5 Ra1 28. Re3 Bc8 29. Re7 Qd8 30. Ne6 Bxe6 31. Rxe6 Rxa2 32. Qd6+ 1-0

[Event "EU-chT (Men)"]
[Site "Leon"]
[Date "2001.11.11"]
[Round "6.1"]
[White "Fedorov, Alexei"]
[Black "Papaioannou, Ioannis"]
[Result "1/2-1/2"]
[WhiteElo "2599"]
[BlackElo "2591"]
[PlyCount "37"]
[EventDate "2001.11.06"]
[Source "ChessBase"]
[SourceDate "2001.02.01"]

1. e4 d5 2. exd5 Qxd5 3. Nc3 Qa5 4. d4 c6 5. Bc4 Bf5 6. Bd2 Nf6 7. Nd5 Qd8 8. Nxf6+ gxf6 9. Nf3 e6 10. Bb3 Nd7 11. Qe2 Qc7 12. O-O-O O-O-O 13. Nh4 Bg6 14. g3 Bd6 15. Rhe1 Kb8 16. Kb1 Rc8 17. Nxg6 hxg6 18. h4 Ka8 19. Rh1 1/2-1/2

[Event "Paris FRA"]
[Site "?"]
[Date "2005.07.13"]
[Round "5"]
[White "Landa Konstantin"]
[Black "Kogan Artur"]
[Result "1/2-1/2"]
[WhiteElo "2609"]
[BlackElo "2580"]
[PlyCount "30"]
[EventDate "2005.??.??"]
[Source "www.chesslib.no"]
[SourceDate "2004.05.04"]

1. e4 d5 2. exd5 Qxd5 3. Nc3 Qa5 4. d4 Nf6 5. Nf3 c6 6. Bc4 Bf5 7. Bd2 Qb6 8. Qe2 e6 9. O-O-O Nbd7 10. Nh4 Bg6 11. Nxg6 hxg6 12. d5 cxd5 13. Nxd5 Nxd5 14. Bxd5 Bc5 15. f3 Bd4 1/2-1/2

[Event "Pamplona"]
[Site "?"]
[Date "1999.??.??"]
[Round "?"]
[White "Almasi, Z."]
[Black "Magem Badals, J."]
[Result "1-0"]
[WhiteElo "2660"]
[BlackElo "2525"]
[PlyCount "57"]
[EventDate "1999.??.??"]
[Source "Chess Informant"]
[SourceDate "1999.10.01"]

1. e4 d5 2. exd5 Qxd5 3. Nc3 Qa5 4. d4 Nf6 5. Nf3 c6 6. Bc4 Bg4 7. Bd2 e6 8. h3 Bh5 9. g4 Bg6 10. Ne5 Nbd7 11. Nxg6 hxg6 12. g5 Nh5 13. Ne4 Qc7 14. Qf3 Nb6 15. Bb3 O-O-O 16. c3 Kb8 17. O-O-O Nc8 18. Rhe1 Nd6 19. Nxd6 Bxd6 20. Re4 Rd7 21. Be3 Qa5 22. d5 exd5 23. Ra4 Qd8 24. Bxa7+ Kc8 25. Be3 Bb8 26. Qg4 b5 27. Ra6 Kb7 28. Rb6+ Kc7 29. Qb4 1-0

[Event "Theoule-sur-Mer (m/4)"]
[Site "?"]
[Date "1999.??.??"]
[Round "?"]
[White "David, Alb"]
[Black "Tkachiev, V."]
[Result "1/2-1/2"]
[WhiteElo "2540"]
[BlackElo "2645"]
[PlyCount "39"]
[EventDate "1999.??.??"]
[Source "Chess Informant"]
[SourceDate "1999.10.01"]

1. e4 d5 2. exd5 Qxd5 3. Nc3 Qa5 4. Nf3 Nf6 5. d4 c6 6. Bc4 Bf5 7. Bd2 e6 8. Nd5 Qd8 9. Nxf6+ Qxf6 10. Qe2 Nd7 11. d5 cxd5 12. Bxd5 Be7 13. Bc3 Bb4 14. Bxb4 Qxb2 15. O-O Qxb4 16. Rab1 Qa4 17. Bxb7 Rd8 18. Qe3 O-O 19. Nd4 Nb6 20. Nxf5 1/2-1/2

[Event "Corsica Masters"]
[Site "Bastia FRA"]
[Date "2007.10.29"]
[Round "1.1"]
[White "Kasimdzhanov, R."]
[Black "Milov, L."]
[Result "1-0"]
[WhiteElo "2690"]
[BlackElo "2492"]
[PlyCount "92"]
[EventDate "2007.10.29"]
[Source "www.chesslib.no"]
[SourceDate "2004.05.04"]

1. e4 d5 2. exd5 Qxd5 3. Nc3 Qa5 4. d4 Nf6 5. Bc4 Bg4 6. f3 Bd7 7. Nge2 e6 8. O-O Be7 9. Kh1 O-O 10. Bf4 b5 11. Bd3 c5 12. dxc5 Bxc5 13. a4 b4 14. Ne4 Nxe4 15. Bxe4 Bc6 16. Qd3 Bxe4 17. Qxe4 Nd7 18. Bg5 Rfe8 19. Rfd1 Nb6 20. Qg4 Nd5 21. Nd4 Bxd4 22. Rxd4 Rac8 23. Bh6 g6 24. Rd2 Qc5 25. Re1 Red8 26. Qh4 Rd7 27. h3 Rcc7 28. Qg3 Ne7 29. Rxd7 Rxd7 30. Qb8+ Nc8 31. Kh2 Qd6+ 32. Qxd6 Rxd6 33. Re4 a5 34. Rc4 Nb6 35. Rc5 f6 36. Rxa5 g5 37. Ra7 Nd7 38. a5 Kf7 39. Ra8 Kg6 40. Bf8 Nxf8 41. Rxf8 Rc6 42. Rb8 Rxc2 43. Rxb4 Rc6 44. Ra4 e5 45. a6 Rc8 46. a7 Rc7 1-0

[Event "Osterreich"]
[Site "?"]
[Date "1995.??.??"]
[Round "?"]
[White "Almasi, Z."]
[Black "Kindermann, S."]
[Result "1-0"]
[WhiteElo "2620"]
[BlackElo "2560"]
[PlyCount "79"]
[EventDate "1995.??.??"]
[Source "ChessBase"]
[SourceDate "1995.02.01"]

1. e4 d5 2. exd5 Qxd5 3. Nc3 Qa5 4. d4 c6 5. Nf3 Nf6 6. Bc4 Bf5 7. Bd2 e6 8. Nd5 Qd8 9. Nxf6+ gxf6 10. c3 Qc7 11. Nh4 Bg6 12. Qf3 Nd7 13. Qh3 Bg7 14. O-O O-O-O 15. b4 Kb8 16. a4 Ka8 17. a5 f5 18. Rfe1 Nf6 19. Bg5 Rde8 20. Bxf6 Bxf6 21. Nf3 Qf4 22. Ne5 Bxe5 23. Rxe5 Qg4 24. Qh6 Qh5 25. Qe3 f6 26. Rc5 a6 27. Bxa6 bxa6 28. Rxc6 f4 29. Rxa6+ Kb7 30. Rb6+ Ka8 31. Ra6+ Kb7 32. Rb6+ Ka8 33. Qxf4 Qd5 34. Ra6+ Kb7 35. Rb6+ Ka8 36. Ra6+ Kb7 37. Rd6 Qc4 38. a6+ Kc8 39. a7 Kb7 40. Rd7+ 1-0

[Event "Dos Hermanas"]
[Site "?"]
[Date "1992.??.??"]
[Round "?"]
[White "Yudasin, L."]
[Black "Oll, L."]
[Result "1-0"]
[WhiteElo "2580"]
[BlackElo "2600"]
[PlyCount "77"]
[EventDate "1992.??.??"]
[Source "ChessBase"]
[SourceDate "1992.02.01"]

1. e4 d5 2. exd5 Qxd5 3. Nc3 Qa5 4. d4 Nf6 5. Bc4 Bg4 6. f3 Bf5 7. Nge2 c6 8. g4 Bg6 9. Nf4 Nbd7 10. h4 e5 11. h5 Bf5 12. gxf5 exf4 13. Qd3 Qc7 14. Qe2+ Be7 15. Bd2 Nb6 16. Bb3 Rd8 17. O-O-O Rxd4 18. Qg2 Nc4 19. Bxc4 Rxc4 20. Qxg7 Rg8 21. Qh6 Qe5 22. Rhe1 Qxf5 23. Re2 Nd5 24. Qd6 f6 25. Qb8+ Kf7 26. Qxb7 Rd8 27. Re4 Rd7 28. Qa6 Rc5 29. Na4 Nc7 30. Qb7 Nb5 31. Qa6 Rcd5 32. c4 Nc7 33. Qxc6 Rd3 34. Rde1 Bf8 35. Bxf4 Qa5 36. Bxc7 Bh6+ 37. f4 Qxc7 38. Qe6+ Kg7 39. Rg1+ 1-0

[Event "Buenos Aires Najdorf"]
[Site "Buenos Aires"]
[Date "1996.??.??"]
[Round "6"]
[White "Tiviakov, Sergei"]
[Black "Ricardi, Pablo"]
[Result "1/2-1/2"]
[WhiteElo "2625"]
[BlackElo "2555"]
[PlyCount "33"]
[EventDate "1996.04.??"]
[Source "ChessBase"]

1. e4 d5 2. exd5 Qxd5 3. Nc3 Qa5 4. g3 Nf6 5. Bg2 g6 6. Nf3 Bg7 7. O-O O-O 8. d3 Qh5 9. Nd2 Bg4 10. f3 Bh3 11. Bxh3 Qxh3 12. Nc4 Nc6 13. Bf4 Nh5 14. Be3 Nxg3 15. hxg3 Qxg3+ 16. Kh1 b5 17. Nxb5 1/2-1/2

[Event "Belfort Comtois 4th"]
[Site "Belfort"]
[Date "1999.12.15"]
[Round "3"]
[White "Fedorov, Alexei"]
[Black "Hauchard, Arnaud"]
[Result "0-1"]
[WhiteElo "2659"]
[BlackElo "2518"]
[PlyCount "76"]
[EventDate "1999.12.13"]
[Source "ChessBase"]
[SourceDate "2000.04.05"]

1. e4 d5 2. exd5 Qxd5 3. Nc3 Qa5 4. d4 c6 5. Nf3 Nf6 6. Bc4 Bf5 7. Ne5 e6 8. g4 Bg6 9. h4 Nbd7 10. Nxd7 Nxd7 11. h5 Be4 12. Rh3 Bg2 13. Rg3 Bd5 14. Bxd5 cxd5 15. Bd2 Qd8 16. Qe2 Bd6 17. Rf3 O-O 18. g5 Nb6 19. b3 a6 20. g6 Qh4 21. O-O-O Qxh5 22. Qe3 Qxg6 23. Rh3 Rfc8 24. Rdh1 Rc7 25. Rh4 Nd7 26. Rxh7 Qxh7 27. Rxh7 Kxh7 28. Ne2 Rac8 29. c3 Kg8 30. Kb2 b5 31. Qd3 Rc6 32. Ng1 Nf6 33. f3 e5 34. dxe5 Bxe5 35. Ne2 b4 36. Kc2 Bxc3 37. Kd1 d4 38. Bg5 Re8 0-1

[Event "American Open"]
[Site "United States of America"]
[Date "1996.??.??"]
[Round "4"]
[White "De Firmian, Nick E"]
[Black "Christiansen, Larry M"]
[Result "1/2-1/2"]
[WhiteElo "2595"]
[BlackElo "2580"]
[PlyCount "29"]
[EventDate "1996.??.??"]
[Source "www.chesslib.no"]
[SourceDate "2004.05.04"]

1. e4 d5 2. exd5 Qxd5 3. Nc3 Qa5 4. d4 Nf6 5. Nf3 c6 6. Bd3 Bf5 7. b4 Qxb4 8. Bxf5 Qxc3+ 9. Bd2 Qc4 10. Rb1 b5 11. Bd3 Qd5 12. O-O e6 13. Re1 Bd6 14. Qe2 O-O 15. c4 1/2-1/2

[Event "NED Team Ch 9495"]
[Site "NED"]
[Date "1994.??.??"]
[Round "9"]
[White "Nunn, John D M"]
[Black "Hodgson, Julian M"]
[Result "0-1"]
[WhiteElo "2605"]
[BlackElo "2570"]
[PlyCount "76"]
[EventDate "1994.??.??"]
[Source "www.chesslib.no"]
[SourceDate "2004.05.04"]

1. e4 d5 2. exd5 Qxd5 3. Nc3 Qa5 4. d4 c6 5. Nf3 Nf6 6. Bc4 Bf5 7. Bd2 e6 8. Qe2 Bb4 9. O-O Nbd7 10. a3 Bxc3 11. Bxc3 Qc7 12. Bb3 O-O 13. Rad1 a5 14. Ne5 b5 15. Bd2 a4 16. Ba2 Bxc2 17. Rc1 Be4 18. Bg5 Bd5 19. Bxf6 Nxf6 20. Bxd5 Nxd5 21. Rxc6 Qb7 22. Rfc1 b4 23. h3 h6 24. axb4 Qxb4 25. Nxf7 Nf4 26. Nxh6+ gxh6 27. Qg4+ Kh8 28. Qh4 Qb7 29. Qxh6+ Qh7 30. Qxh7+ Kxh7 31. Ra1 Rf7 32. Ra3 Rg8 33. g4 Rb8 34. Rxa4 Rxb2 35. Ra3 Ne2+ 36. Kg2 Nxd4 37. Rd6 Rbxf2+ 38. Kg3 Nb5 0-1

[Event "Vienna op"]
[Site "Vienna"]
[Date "1996.??.??"]
[Round "9"]
[White "Almasi, Zoltan"]
[Black "Teske, Henrik"]
[Result "1/2-1/2"]
[WhiteElo "2655"]
[BlackElo "2520"]
[PlyCount "121"]
[EventDate "1996.08.??"]
[Source "ChessBase"]

1. e4 Nc6 2. Nf3 d5 3. exd5 Qxd5 4. Nc3 Qh5 5. d4 Bg4 6. Bb5 O-O-O 7. Bxc6 bxc6 8. Qe2 Bxf3 9. gxf3 Qa5 10. Qc4 e6 11. Qxc6 Bb4 12. Bd2 Ne7 13. Qa8+ Kd7 14. Qe4 Rhe8 15. a3 Nf5 16. O-O Nd6 17. Qe2 Bxc3 18. Bxc3 Qb5 19. Qe3 Qh5 20. Kh1 Nf5 21. Qf4 Qh4 22. Qg4 Kc8 23. Rad1 Rd5 24. Qxh4 Nxh4 25. Rd3 Red8 26. Rg1 g6 27. Rg4 Nf5 28. a4 Kb7 29. Kg2 h5 30. Re4 c5 31. dxc5 Rxd3 32. cxd3 Rxd3 33. Bf6 Kc6 34. Rb4 Rd2 35. Kf1 Rd5 36. Rb8 Rxc5 37. b4 Rc4 38. b5+ Kc5 39. a5 Rb4 40. Rb7 Rxb5 41. Rxa7 Kc6 42. a6 Ra5 43. Ra8 Kb5 44. a7 Kb6 45. Rb8+ Kxa7 46. Rf8 Ra3 47. Rxf7+ Kb6 48. Kg2 Kc6 49. Rf8 Ra2 50. Bg5 Kd5 51. Rg8 Ra7 52. Bf6 Ra6 53. f4 Ke4 54. Bg5 Ra2 55. Rxg6 Ne3+ 56. Kg3 Nf5+ 57. Kg2 Ne3+ 58. Kg3 Nf5+ 59. Kh3 Kf3 60. Rxe6 Kxf2 61. Bh4+ 1/2-1/2

[Event "Saintly Cup"]
[Site "Sydney"]
[Date "1999.01.26"]
[Round "5"]
[White "Zhang Zhong"]
[Black "Rogers, Ian"]
[Result "0-1"]
[WhiteElo "2555"]
[BlackElo "2618"]
[PlyCount "90"]
[EventDate "1999.01.22"]
[Source "ChessBase"]
[SourceDate "1999.06.08"]

1. e4 d5 2. exd5 Qxd5 3. Nc3 Qa5 4. d4 Nf6 5. Nf3 c6 6. Bc4 Bg4 7. h3 Bh5 8. g4 Bg6 9. Bd2 e6 10. Nd5 Qd8 11. Nxf6+ gxf6 12. c3 Nd7 13. Qe2 Nb6 14. Bd3 a5 15. Nh4 a4 16. Nxg6 hxg6 17. Bc2 Bh6 18. f4 f5 19. O-O-O Qd5 20. Kb1 Nc4 21. Bc1 Nd6 22. Bd3 b5 23. Qe5 Rh7 24. gxf5 gxf5 25. Rhg1 Ke7 26. Rde1 Qxe5 27. dxe5 Ne8 28. b3 axb3 29. axb3 Nc7 30. c4 bxc4 31. bxc4 Rhh8 32. Rg2 Rhb8+ 33. Rb2 Rxb2+ 34. Kxb2 Rg8 35. Bc2 Na6 36. Be3 Rg3 37. Ba4 Kd7 38. Rd1+ Kc7 39. Bd2 Nc5 40. Bc2 Rxh3 41. Rf1 Kb6 42. Bc3 Na6 43. Be1 Bf8 44. Rg1 Ba3+ 45. Kb1 Bb4 0-1